Secuestro de personas: instructivo preventivo y acción ante secuestro (Registro nro. 6517)
[ vista simple ]
| 000 -Cabecera | |
|---|---|
| Campo de control de longitud fija | 00675aam a2200241 4500 |
| 005 - Fecha y hora de la última transacción | |
| Campo de control | 20260316181125.0 |
| 008 - Elementos de longitud fija--Información general | |
| Campo de control de longitud fija | 150727b2001 xxu||||| |||| 00| 0 spa d |
| 041 ## - Idioma | |
| Código de idioma | Español |
| 082 ## - Clasificación Decimal Dewey | |
| Número de clasificación | 364.154 C8372s |
| 100 ## - Entrada principal--Autor personal | |
| Nombre personal | Corte Suprema de Justicia |
| 9 (RLIN) | 38398 |
| 100 ## - Entrada principal--Autor personal | |
| Nombre personal | Organismo de Investigación Judicial |
| 9 (RLIN) | 38399 |
| 245 ## - Título propiamente dicho | |
| Título | Secuestro de personas: instructivo preventivo y acción ante secuestro |
| 260 ## - Pie de imprenta | |
| Lugar de publicación, distribución, etc. | Costa Rica |
| 260 ## - Pie de imprenta | |
| Nombre del editor, distribuidor, etc. | OIJ |
| 260 ## - Pie de imprenta | |
| Fecha de publicación, distribución, etc. | 2001 |
| 300 ## - Descripción física | |
| Extensión | 16 páginas |
| 490 ## - Serie | |
| Título de la Serie | Investigación Criminal |
| 650 ## - Materia general | |
| Temática (materia general) | SECUESTRO |
| 650 ## - Materia general | |
| Temática (materia general) | PREVENCIÓN |
| 650 ## - Materia general | |
| Temática (materia general) | ACCIONES ANTE SECUESTRO |
| 650 ## - Materia general | |
| Temática (materia general) | SECUESTRO DE PERSONAS |
| 942 ## - Punto de acceso adicional KOHA | |
| Tipo de ítem KOHA | Libro |
| Fuente del sistema de clasificación o colocación | Dewey Decimal Classification |
| Signatura completa | Código de barras | Programa Académico | Tipo de ítem |
|---|---|---|---|
| 364.154 C8372s | 11758 | Investigación Criminal | Libro |